000 00701nam a22002297a 4500
003 URS
005 20250828100456.0
008 250402b ||||| |||| 00| 0 eng d
040 _cURS
050 _aTS535
_b.H245 1985
100 _912038
_aHarrison, William B.
245 _aMoney, financial institutions, and the economy
264 _aPlano, Tex.
_bBusiness Publications
_c©1985
300 _a591 pages.,:
_c24 cm.
336 _2rdacontent
_atext
337 _2rdamedia
_aunmediated
338 _2rdacarrier
_avolume
650 0 _912039
_aMoney
_xUnited States.
650 0 _912040
_aFinancial institution
_xUnited States.
650 0 _912041
_aBanks and baking
_xUnited States.
942 _2lcc
_cCR
999 _c84754
_d84752